[Event "V Festival Costa Viola B"]
[Site "Palmi ITA"]
[Date "2012.01.03"]
[Round "3"]
[White "Santeramo, Alessia Carmen"]
[Black "Vazzana, Antonio"]
[Result "1-0"]
[WhiteElo "1824"]
[BlackElo "1593"]
[PlyCount "49"]
[EventDate "2012.01.02"]

1. e4 c5 2. Nf3 d6 3. d4 cxd4 4. Nxd4 Nf6 5. Nc3 a6 6. Bc4 e6 7. Bb3 Be7 8. Be3
O-O 9. Qe2 Nc6 10. O-O-O Na5 11. g4 Nxb3+ 12. Nxb3 b5 13. Rhg1 b4 14. Na4 Nd7
15. f4 Bb7 16. e5 d5 17. f5 Bg5 18. f6 Bxe3+ 19. Qxe3 gxf6 20. Nac5 Nxc5 21.
Nxc5 Bc6 22. Ne4 fxe5 23. Qh6 f6 24. g5 Be8 25. gxf6+ 1-0

[Event "V Festival Costa Viola B"]
[Site "Palmi ITA"]
[Date "2012.01.03"]
[Round "3"]
[White "Suriano, Davide"]
[Black "Valotta, Massimiliano"]
[Result "1-0"]
[WhiteElo "1539"]
[BlackElo "1852"]
[PlyCount "49"]
[EventDate "2012.01.02"]

1. c4 c5 2. Nc3 Nf6 3. Nf3 g6 4. g3 Bg7 5. Bg2 O-O 6. O-O d6 7. b3 e5 8. d3 e4
9. Nd2 Nc6 10. dxe4 Ng4 11. Bb2 h5 12. Rb1 h4 13. Nf3 h3 14. Bh1 Nd4 15. Nxd4
Bxd4 16. Nd5 Nxf2 17. Rxf2 Bxf2+ 18. Kxf2 f5 19. Kg1 Qg5 20. Bc1 Qd8 21. Nf4 g5
22. Qd5+ Rf7 23. Nxh3 Qf6 24. Nxg5 Be6 25. Qxe6 1-0

[Event "V Festival Costa Viola B"]
[Site "Palmi ITA"]
[Date "2012.01.03"]
[Round "3"]
[White "Tricomi, Massimo"]
[Black "Russo, Biagio"]
[Result "1-0"]
[WhiteElo "1839"]
[BlackElo "1691"]
[PlyCount "67"]
[EventDate "2012.01.02"]

1. c4 c5 2. Nf3 g6 3. g3 Bg7 4. Bg2 Nf6 5. Nc3 d6 6. d4 cxd4 7. Nxd4 a6 8. O-O
Qc7 9. Qd3 Nc6 10. Nxc6 bxc6 11. b3 Bb7 12. Bb2 c5 13. Ne4 Bxe4 14. Bxe4 Nxe4
15. Bxg7 Rg8 16. Qxe4 Kd7 17. Bc3 f5 18. Qd5 e6 19. Qd3 Qc6 20. Rad1 Kc7 21.
Qe3 Rae8 22. b4 Re7 23. bxc5 dxc5 24. Be5+ Kb7 25. Bd6 Ree8 26. Rb1+ Ka7 27.
Bxc5+ Ka8 28. Rb6 Qc7 29. Qf3+ Ka7 30. Rc6+ Kb7 31. Rb1+ Kc8 32. Rxc7+ Kxc7 33.
Qb7+ Kd8 34. Bb6# 1-0

[Event "V Festival Costa Viola B"]
[Site "Palmi ITA"]
[Date "2012.01.04"]
[Round "4"]
[White "Carbone, Edoardo"]
[Black "Santeramo, Alessia Carmen"]
[Result "1/2-1/2"]
[WhiteElo "1835"]
[BlackElo "1824"]
[PlyCount "52"]
[EventDate "2012.01.02"]

1. d4 d5 2. c4 c6 3. Nf3 e6 4. Qc2 Nf6 5. g3 Nbd7 6. Bg2 dxc4 7. Qxc4 Be7 8.
Nc3 Nb6 9. Qb3 Nbd5 10. O-O O-O 11. Ne5 Nxc3 12. bxc3 Qc7 13. Ba3 Bxa3 14. Qxa3
Bd7 15. Rab1 b6 16. e4 Rac8 17. Nc4 c5 18. e5 Ne8 19. Ne3 f6 20. f4 cxd4 21.
cxd4 Qc3 22. Qxc3 Rxc3 23. Rb3 Rxb3 24. axb3 fxe5 25. fxe5 Rxf1+ 26. Bxf1 Nc7
1/2-1/2

[Event "V Festival Costa Viola B"]
[Site "Palmi ITA"]
[Date "2012.01.04"]
[Round "4"]
[White "Cicero, Angelo"]
[Black "Pelyushenko, Vladyslav"]
[Result "0-1"]
[WhiteElo "1680"]
[BlackElo "1787"]
[PlyCount "112"]
[EventDate "2012.01.02"]

1. e4 c5 2. Nf3 d6 3. Bc4 e6 4. c3 Nc6 5. O-O Nf6 6. Re1 Be7 7. d4 cxd4 8. cxd4
O-O 9. Nc3 a6 10. a4 Qc7 11. Bb3 b6 12. Qe2 Bb7 13. Bc2 Nb4 14. Bg5 h6 15. Bf4
Nh5 16. Bg3 Nxg3 17. fxg3 Nxc2 18. Qxc2 Rac8 19. Rac1 Qc4 20. Qe2 Qxe2 21. Rxe2
Rc7 22. Rce1 Rfc8 23. d5 Bf6 24. e5 dxe5 25. dxe6 fxe6 26. Ne4 Rc1 27. Nd6
Rxe1+ 28. Rxe1 Rc7 29. Nxb7 Rxb7 30. Nxe5 Rc7 31. Nd3 Rd7 32. Nf4 Bd4+ 33. Kf1
e5 34. Nd3 Re7 35. Re4 Kf7 36. b3 Ke6 37. g4 Kd5 38. Re2 Rf7+ 39. Ke1 Bc3+ 40.
Kd1 a5 41. Kc2 Bd4 42. g3 g5 43. Ne1 Rc7+ 44. Kb1 Rc3 45. Ka2 e4 46. Nc2 e3 47.
Nxd4 Kxd4 48. Kb2 Kd3 49. Rxe3+ Kxe3 50. Kxc3 Kf3 51. Kd3 Kxg4 52. Ke3 Kh3 53.
Kf3 h5 54. Kf2 Kxh2 55. Kf3 Kg1 56. g4 h4 0-1

[Event "V Festival Costa Viola B"]
[Site "Palmi ITA"]
[Date "2012.01.04"]
[Round "4"]
[White "Gelardi, Davide"]
[Black "Fariselli, Umberto"]
[Result "1-0"]
[WhiteElo "1677"]
[BlackElo "1299"]
[PlyCount "61"]
[EventDate "2012.01.02"]

1. Nf3 Nf6 2. b3 e6 3. Bb2 Be7 4. e3 c6 5. Be2 d5 6. O-O O-O 7. Ne5 Nbd7 8. f4
Qb6 9. c4 Bd6 10. Nxd7 Nxd7 11. cxd5 cxd5 12. d4 Nf6 13. Nc3 a6 14. Bd3 g6 15.
Qf3 Bd7 16. g4 Qc7 17. Rac1 Qd8 18. Rc2 Rc8 19. Rg2 Bb4 20. Ne2 Bb5 21. Bxb5
axb5 22. Ng3 Ra8 23. Bc1 Bd6 24. h4 Ne4 25. Nxe4 dxe4 26. Qh3 f5 27. h5 Kg7 28.
d5 Qe8 29. hxg6 hxg6 30. dxe6 Rh8 31. Bb2+ 1-0

[Event "V Festival Costa Viola B"]
[Site "Palmi ITA"]
[Date "2012.01.04"]
[Round "4"]
[White "Iannello, Andrea"]
[Black "Tricomi, Massimo"]
[Result "0-1"]
[WhiteElo "1740"]
[BlackElo "1839"]
[PlyCount "32"]
[EventDate "2012.01.02"]

1. e4 d5 2. exd5 Nf6 3. d4 Bg4 4. f3 Bf5 5. Bb5+ Nbd7 6. c4 e6 7. dxe6 Bxe6 8.
Ne2 c6 9. d5 cxd5 10. cxd5 Nxd5 11. Nd4 Bb4+ 12. Bd2 Qh4+ 13. Ke2 Qxd4 14.
Bxd7+ Bxd7 15. Bxb4 Bb5+ 16. Ke1 Qe3+ 0-1

[Event "V Festival Costa Viola B"]
[Site "Palmi ITA"]
[Date "2012.01.04"]
[Round "4"]
[White "Navarra, Stefano"]
[Black "Greco, Simone"]
[Result "0-1"]
[WhiteElo "1389"]
[BlackElo "1629"]
[PlyCount "82"]
[EventDate "2012.01.02"]

1. d4 Nf6 2. Nf3 e6 3. e3 b6 4. g3 Bb7 5. Bg2 Be7 6. O-O O-O 7. c4 d5 8. Nbd2
c5 9. b3 Nc6 10. Bb2 Rc8 11. Ne5 cxd4 12. exd4 Qc7 13. Rc1 Qd8 14. Ndf3 dxc4
15. Nxc4 Ba6 16. Re1 Bb4 17. Bc3 Qe7 18. Qd3 Rfd8 19. Qe3 Nd5 20. Qd2 Bxc3 21.
Rxc3 Nxc3 22. Qxc3 Na5 23. Bf1 Nxc4 24. bxc4 Qc7 25. Qa3 Bxc4 26. Bxc4 Qxc4 27.
Qxa7 Qc7 28. Qa3 Ra8 29. Qb3 Qd6 30. Rd1 Ra3 31. Qb5 Rxf3 32. a4 Rf5 33. Qc4
Rd5 34. Qa6 Rxd4 35. Rxd4 Qxd4 36. a5 bxa5 37. Qxa5 Qd1+ 38. Kg2 Qd5+ 39. Qxd5
exd5 40. f4 Re8 41. h4 d4 0-1

[Event "V Festival Costa Viola B"]
[Site "Palmi ITA"]
[Date "2012.01.04"]
[Round "4"]
[White "Palermiti, Francesco"]
[Black "Mercuri, Delia"]
[Result "1-0"]
[WhiteElo "1540"]
[BlackElo "1673"]
[PlyCount "109"]
[EventDate "2012.01.02"]

1. d4 d5 2. Nf3 Nc6 3. e3 a6 4. a3 Bg4 5. Be2 e6 6. Nbd2 Bd6 7. b3 Nce7 8. Ne5
Bxe2 9. Qxe2 Bxe5 10. dxe5 Ng6 11. Bb2 b5 12. O-O N8e7 13. c4 bxc4 14. bxc4 O-O
15. c5 Nc6 16. Nf3 Na5 17. Bd4 Nb3 18. Rab1 Nxd4 19. exd4 c6 20. Rb6 Qc8 21. a4
a5 22. h4 Qc7 23. Rfb1 Rfb8 24. R1b3 Rxb6 25. cxb6 Qb7 26. Ne1 Nxh4 27. Nd3 Qa6
28. b7 Rb8 29. Qc2 Nf5 30. Nc5 Qa7 31. Qb2 g6 32. Rb6 Nxd4 33. Nd7 c5 34. Nxb8
Qxb8 35. Ra6 Kg7 36. Ra8 Qxe5 37. Qb1 Ne2+ 38. Kf1 Nc3 39. Qe1 Ne4 40. b8=Q Qd4
41. Qh8+ Kh6 42. Qxd4 cxd4 43. Rxa5 Nc3 44. Qd2+ Kh5 45. Qxd4 Ne4 46. Ra7 Ng5
47. f4 Ne4 48. Rxf7 Ng3+ 49. Kf2 Ne4+ 50. Kf3 h6 51. Qe5+ Kh4 52. Qxe6 Nd2+ 53.
Ke3 Nc4+ 54. Kf2 Nd2 55. Qh3# 1-0

[Event "V Festival Costa Viola B"]
[Site "Palmi ITA"]
[Date "2012.01.04"]
[Round "4"]
[White "Panariello, Francesco"]
[Black "Bellantoni, Corrado"]
[Result "1-0"]
[WhiteElo "1756"]
[BlackElo "1524"]
[PlyCount "96"]
[EventDate "2012.01.02"]

1. d4 d6 2. Nf3 g6 3. c4 Bg7 4. Nc3 Nf6 5. e4 O-O 6. h3 Nc6 7. Be3 e5 8. d5 Ne7
9. g4 c6 10. Rc1 c5 11. Bd3 h5 12. Nh2 a6 13. Qf3 b5 14. Bg5 Nh7 15. Bxe7 Qxe7
16. Nf1 b4 17. Nd1 h4 18. Nde3 Ng5 19. Qe2 Qf6 20. Nd2 a5 21. Ng2 Nh7 22. Nf3
Bh6 23. Rd1 g5 24. Ne3 a4 25. Nf5 Bxf5 26. exf5 e4 27. Bxe4 Rfe8 28. Kf1 Ra7
29. Qd3 Rae7 30. Re1 Qxb2 31. Re2 Qc1+ 32. Kg2 Qf4 33. Rhe1 Nf6 34. Nd2 Nxg4
35. hxg4 Qxg4+ 36. Kh2 Bg7 37. Qf3 Be5+ 38. Kh1 Qf4 39. Qxf4 Bxf4 40. f3 f6 41.
Kg2 Kg7 42. Nf1 b3 43. axb3 axb3 44. Rb1 Rb8 45. Ne3 Be5 46. Ng4 Bd4 47. Nf2
Ra7 48. Bd3 Ra2 1-0

[Event "V Festival Costa Viola B"]
[Site "Palmi ITA"]
[Date "2012.01.04"]
[Round "4"]
[White "Rametta, Marcello"]
[Black "Suriano, Davide"]
[Result "1-0"]
[WhiteElo "1744"]
[BlackElo "1539"]
[PlyCount "67"]
[EventDate "2012.01.02"]

1. e4 e5 2. Bc4 Nf6 3. d3 c6 4. Bg5 d5 5. exd5 cxd5 6. Bxf6 gxf6 7. Bb3 Nc6 8.
c3 Be6 9. Nd2 Qc7 10. Qf3 O-O-O 11. Qxf6 Be7 12. Qf3 Rhg8 13. h3 Qd6 14. Ne2
Bg5 15. Rd1 Rg7 16. Ng3 Bxd2+ 17. Rxd2 e4 18. dxe4 dxe4 19. Nxe4 Qe5 20. Bxe6+
Qxe6 21. Rxd8+ Kxd8 22. O-O Ne5 23. Qf6+ Qxf6 24. Nxf6 Nf3+ 25. Kh1 Nh4 26. g3
Nf3 27. h4 Rg6 28. Nxh7 Rh6 29. Kg2 Nxh4+ 30. gxh4 Rxh7 31. Kg3 Ke7 32. Re1+
Kf6 33. Re4 Rh5 34. Rf4+ 1-0

[Event "V Festival Costa Viola B"]
[Site "Palmi ITA"]
[Date "2012.01.04"]
[Round "4"]
[White "Russo, Arianna"]
[Black "Furnari, Francesco"]
[Result "0-1"]
[WhiteElo "1688"]
[BlackElo "1833"]
[PlyCount "76"]
[EventDate "2012.01.02"]

1. d4 Nf6 2. c4 g6 3. Nc3 Bg7 4. e4 d6 5. f3 c5 6. d5 Nbd7 7. Be3 a6 8. Bd3 Qa5
9. Nge2 Rb8 10. O-O b5 11. cxb5 axb5 12. a3 O-O 13. Qd2 b4 14. axb4 Qxb4 15. b3
Bb7 16. Bb5 Ra8 17. Ra4 Rxa4 18. bxa4 Rb8 19. Na2 Qxd2 20. Bxd2 e6 21. dxe6
fxe6 22. Nac3 Kf7 23. Ra1 Ra8 24. a5 Ba6 25. Rb1 Ke7 26. Bxa6 Rxa6 27. Nb5 Ne8
28. Kf2 Ne5 29. Bc3 Nd3+ 30. Ke3 Bxc3 31. Nexc3 Nb4 32. Rd1 Rxa5 33. f4 Kd7 34.
g4 Kc6 35. f5 gxf5 36. gxf5 exf5 37. exf5 d5 38. Rf1 Nf6 0-1

[Event "V Festival Costa Viola B"]
[Site "Palmi ITA"]
[Date "2012.01.04"]
[Round "4"]
[White "Russo, Biagio"]
[Black "Daniac, Federico"]
[Result "1/2-1/2"]
[WhiteElo "1691"]
[BlackElo "1548"]
[PlyCount "71"]
[EventDate "2012.01.02"]

1. d4 d5 2. c4 c6 3. Nc3 Nf6 4. h3 e6 5. Bf4 Nbd7 6. Nf3 a6 7. c5 Be7 8. a4 b6
9. b4 O-O 10. e3 Bb7 11. Ne5 b5 12. Bd3 Re8 13. g4 Nf8 14. g5 N6d7 15. h4 Nxe5
16. Bxe5 f6 17. gxf6 Bxf6 18. Bg3 e5 19. dxe5 Bxe5 20. Bxe5 Rxe5 21. Ne2 Ne6
22. Qc2 h6 23. Kd2 d4 24. e4 Qf6 25. Raf1 Nf4 26. Ng3 Nxd3 27. Qxd3 Qf4+ 28.
Kc2 Rd8 29. h5 Bc8 30. axb5 axb5 31. Rh2 Be6 32. Re1 Bc4 33. Qd2 Qf3 34. Rb1
d3+ 35. Kc1 Ra8 36. Rh1 1/2-1/2

[Event "V Festival Costa Viola B"]
[Site "Palmi ITA"]
[Date "2012.01.04"]
[Round "4"]
[White "Santeramo, Cristina"]
[Black "Favaloro, Andrea"]
[Result "0-1"]
[WhiteElo "1550"]
[BlackElo "1626"]
[PlyCount "134"]
[EventDate "2012.01.02"]

1. e4 c5 2. Nf3 d6 3. d4 cxd4 4. Nxd4 Nf6 5. Nc3 g6 6. Be3 Bg7 7. Qd2 Nc6 8.
Nxc6 bxc6 9. f3 O-O 10. O-O-O Qa5 11. Bc4 Rb8 12. Ne2 Qxd2+ 13. Rxd2 a5 14. c3
Nd7 15. h4 Ne5 16. Bb3 Ba6 17. Bg5 Nd3+ 18. Kc2 a4 19. Bxe7 axb3+ 20. axb3 Rfe8
21. Bxd6 Rbd8 22. Bc7 Bh6 23. Bxd8 Bxd2 24. Kxd2 Rxd8 25. Kc2 Nb4+ 26. cxb4
Bxe2 27. e5 Bd3+ 28. Kc3 Bf5 29. Kc4 Rd5 30. f4 Be6 31. Kc3 Kg7 32. Re1 Kh6 33.
g3 Kh5 34. Re4 Kg4 35. f5+ Kxf5 36. Rc4 Bd7 37. Kc2 Kxe5 38. Kc3 f5 39. Rf4 h6
40. Rf3 g5 41. hxg5 hxg5 42. Re3+ Kf6 43. Kc4 f4 44. Rf3 Kf5 45. gxf4 gxf4 46.
b5 Rxb5 47. Rf1 Rd5 48. b4 Be6 49. Kc3 Kg4 50. b3 f3 51. Kb2 Kg3 52. Re1 f2 53.
Rxe6 f1=Q 54. Rg6+ Kf4 55. Rf6+ Rf5 56. Rxc6 Qg2+ 57. Rc2 Qb7 58. Rc4+ Kg5 59.
Kc3 Qf3+ 60. Kb2 Qg2+ 61. Rc2 Rf2 62. Rxf2 Qxf2+ 63. Kc3 Qb6 64. Kc4 Kf5 65. b5
Ke5 66. b4 Ke4 67. Kc3 Qxb5 0-1

[Event "V Festival Costa Viola B"]
[Site "Palmi ITA"]
[Date "2012.01.04"]
[Round "4"]
[White "Serratore, Vincenzo"]
[Black "Pallonetto, Cristofaro"]
[Result "1-0"]
[WhiteElo "1844"]
[BlackElo "1512"]
[PlyCount "101"]
[EventDate "2012.01.02"]

1. d4 d5 2. Bf4 Bf5 3. e3 Nf6 4. Nf3 Nbd7 5. h4 Nh5 6. Bh2 Be4 7. Ne5 Nxe5 8.
dxe5 g6 9. f3 Bf5 10. g4 Bxg4 11. fxg4 Ng7 12. Nc3 c6 13. Qf3 Ne6 14. O-O-O Qa5
15. Kb1 Bg7 16. Ne2 O-O 17. Nd4 c5 18. Nb3 Qb6 19. Rxd5 a5 20. Nd2 Qc6 21. Rd3
Qc7 22. Rb3 b6 23. Bg2 a4 24. Rb5 Qd7 25. Qe2 Rab8 26. Ne4 Rfd8 27. Nf6+ exf6
28. exf6 Bxf6 29. Bxb8 Rxb8 30. g5 Bg7 31. Bh3 Qc6 32. Rd1 c4 33. Rbd5 Nc7 34.
Rd8+ Rxd8 35. Rxd8+ Bf8 36. Qd1 Ne6 37. Rd5 Nc5 38. Bg2 Qe6 39. Qd4 Be7 40. Kc1
Na6 41. Kd2 Nb4 42. Re5 Qd6 43. a3 Na6 44. Bf1 b5 45. Rxb5 Qc7 46. Bxc4 Nc5 47.
Qf4 Qd7+ 48. Ke2 Ne6 49. Rb8+ Bf8 50. Bxe6 Qxe6 51. Qb4 1-0

[Event "V Festival Costa Viola B"]
[Site "Palmi ITA"]
[Date "2012.01.04"]
[Round "4"]
[White "Valotta, Massimiliano"]
[Black "Attina', Rodolfo"]
[Result "1-0"]
[WhiteElo "1852"]
[BlackElo "1368"]
[PlyCount "76"]
[EventDate "2012.01.02"]

1. d4 f5 2. c4 Nf6 3. Nc3 c6 4. Bf4 d6 5. h3 g6 6. e3 Bg7 7. Bd3 e6 8. Qb3 Nh5
9. Bh2 Bf6 10. Nf3 O-O 11. O-O-O a6 12. g4 Ng7 13. e4 Kh8 14. Kb1 Qe7 15. e5
dxe5 16. dxe5 Bh4 17. Nxh4 Qxh4 18. Bg3 Qe7 19. f4 b5 20. Be2 Nd7 21. Rd6 Bb7
22. Rhd1 Rad8 23. Bf3 Nc5 24. Qb4 Ne4 25. Bxe4 fxe4 26. Nxe4 Ne8 27. c5 Nxd6
28. exd6 Qg7 29. Ng5 Bc8 30. Be1 Kg8 31. Bc3 e5 32. Bxe5 Qb7 33. Qb3+ Rf7 34.
Nxf7 Qxf7 35. Qxf7+ Kxf7 36. g5 Bd7 37. Re1 a5 38. h4 38... b4 {...} 1-0

[Event "V Festival Costa Viola B"]
[Site "Palmi ITA"]
[Date "2012.01.04"]
[Round "4"]
[White "Vasta, Armando"]
[Black "Altomonte, Giuseppe"]
[Result "0-1"]
[WhiteElo "1678"]
[BlackElo "1800"]
[PlyCount "44"]
[EventDate "2012.01.02"]

1. d4 d5 2. c4 c6 3. Nf3 e6 4. Nc3 Nd7 5. Bf4 Ngf6 6. e3 Ne4 7. Nxe4 dxe4 8.
Nd2 f5 9. g4 Be7 10. Rg1 g6 11. g5 e5 12. dxe5 Nc5 13. Nb3 Nd3+ 14. Bxd3 exd3
15. a3 Be6 16. Rc1 c5 17. h4 Qd7 18. Qd2 Qa4 19. Qxd3 b5 20. Nd2 Rd8 21. Qc2
Qa5 22. Kf1 Rxd2 0-1

[Event "V Festival Costa Viola B"]
[Site "Palmi ITA"]
[Date "2012.01.04"]
[Round "4"]
[White "Vazzana, Antonio"]
[Black "Della Rocca, Giorgio"]
[Result "0-1"]
[WhiteElo "1593"]
[BlackElo "1855"]
[PlyCount "72"]
[EventDate "2012.01.02"]

1. c4 e5 2. Nc3 Nf6 3. Nf3 Nc6 4. d4 e4 5. Nd2 Bb4 6. e3 O-O 7. Be2 Re8 8. O-O
Bxc3 9. bxc3 d6 10. Rb1 Qd7 11. Ba3 Qf5 12. f4 Qg6 13. Kh1 Ne7 14. Rg1 Nf5 15.
Nf1 Nh6 16. Qe1 Kh8 17. Qg3 Qf5 18. Qg5 Qd7 19. c5 Nf5 20. g4 h6 21. Qxf5 Qd8
22. Rxb7 Bxf5 23. gxf5 Qc8 24. Ba6 Qxf5 25. Rxc7 Qh5 26. Nd2 Ng4 27. Rg2 Nxe3
28. Be2 Qh4 29. Rg3 Nf5 30. Rg1 Qf2 31. Bg4 Qxd2 32. Bxf5 Kg8 33. cxd6 e3 34.
d7 e2 35. dxe8=Q+ Rxe8 36. Be7 e1=Q 0-1

[Event "V Festival Costa Viola B"]
[Site "Palmi ITA"]
[Date "2012.01.04"]
[Round "4"]
[White "Violi, Vincenzo"]
[Black "Brogneri, Giovanni"]
[Result "1-0"]
[WhiteElo "1813"]
[BlackElo "1797"]
[PlyCount "113"]
[EventDate "2012.01.02"]

1. e4 b6 2. d4 e6 3. Bd3 Bb7 4. Nf3 d6 5. c3 Be7 6. O-O Nf6 7. Qe2 Nbd7 8. Bf4
O-O 9. e5 dxe5 10. Nxe5 Nxe5 11. Bxe5 Bd6 12. f4 g6 13. Bxd6 Qxd6 14. Nd2 c5
15. dxc5 Qxc5+ 16. Kh1 Rad8 17. Nb3 Qh5 18. Qxh5 Nxh5 19. Be2 Ng7 20. Nd4 Nf5
21. Nxf5 exf5 22. Rad1 Rfe8 23. Rxd8 Rxd8 24. Rd1 Rxd1+ 25. Bxd1 Kf8 26. Kg1 f6
27. Kf2 Ke7 28. Bf3 Ba6 29. Be2 Bb7 30. Bc4 h6 31. g3 g5 32. Ke3 Kd6 33. Kd4
Bc8 34. Be2 Be6 35. c4 a5 36. b3 Bd7 37. a3 Be6 38. b4 Kc7 39. bxa5 bxa5 40.
Kc5 Bd7 41. Bf3 Ba4 42. Be2 Bc6 43. Bd3 Bd7 44. Bc2 h5 45. Bd3 h4 46. Bc2 hxg3
47. hxg3 gxf4 48. gxf4 Kb7 49. Kd6 Bc8 50. c5 Ka6 51. Bd3+ Ka7 52. Kc7 Be6 53.
Bb5 Bd5 54. c6 Be6 55. Kd6 Bc8 56. c7 Kb6 57. Bd7 1-0

[Event "V Festival Costa Viola B"]
[Site "Palmi ITA"]
[Date "2012.01.04"]
[Round "4"]
[White "Zampaglione, Francesco"]
[Black "Arcidiaco, Francesco"]
[Result "0-1"]
[WhiteElo "1560"]
[BlackElo "1668"]
[PlyCount "98"]
[EventDate "2012.01.02"]

1. d4 d5 2. Bf4 Nf6 3. h3 g6 4. Nf3 Bg7 5. e3 Nbd7 6. Nbd2 O-O 7. Bd3 c5 8. c3
c4 9. Bc2 a6 10. O-O b5 11. a3 Bb7 12. Re1 Ne4 13. Nxe4 dxe4 14. Ne5 Nf6 15.
Ng4 Nxg4 16. Qxg4 Bc8 17. Qe2 f5 18. a4 Bd7 19. Ra2 Qb6 20. Rea1 b4 21. Qxc4+
Be6 22. d5 Rfc8 23. Qb3 Bf7 24. c4 Qc5 25. Rd1 Qxc4 26. Qxc4 Rxc4 27. Bb3 Rc5
28. Rd2 Rd8 29. d6 Bxb3 30. dxe7 Re8 31. Bd6 Rd5 32. Rxd5 Bxd5 33. Ra1 b3 34.
Rd1 Bc6 35. Ba3 Bxa4 36. Rd6 Bb5 37. Rb6 Kf7 38. Rb7 Bf6 39. Kh2 Bxe7 40. Bxe7
Rxe7 41. Rb8 Rc7 42. Kg3 h6 43. Kf4 Bc4 44. Ke5 Be6 45. Rb6 Rc5+ 46. Kd6 Rd5+
47. Kc7 Rd2 48. h4 Rxb2 49. Rb7 Rc2+ 0-1

[Event "V Festival Costa Viola B"]
[Site "Palmi ITA"]
[Date "2012.01.04"]
[Round "4"]
[White "Ziparo, Francesco"]
[Black "Carrozza, Gregorio"]
[Result "1/2-1/2"]
[WhiteElo "1581"]
[BlackElo "1689"]
[PlyCount "80"]
[EventDate "2012.01.02"]

1. c4 e5 2. Nc3 Bb4 3. Nd5 Bc5 4. b4 Be7 5. Nxe7 Qxe7 6. a3 d6 7. d4 Nf6 8. Bb2
O-O 9. e3 exd4 10. Bxd4 Nc6 11. Nf3 Bg4 12. Be2 Rfe8 13. O-O Rad8 14. h3 Bc8
15. Rb1 Ne4 16. Qc2 Nxd4 17. Nxd4 c6 18. Rfd1 Qg5 19. Nf3 Qh6 20. Bd3 f5 21. b5
c5 22. Nd2 Nxd2 23. Rxd2 Qf6 24. Rbd1 g6 25. Be2 f4 26. exf4 Bf5 27. Bd3 Bxd3
28. Rxd3 Qxf4 29. Qd2 Qxd2 30. R3xd2 Re6 31. f3 Kf7 32. Kf2 Ke7 33. a4 Kd7 34.
Rd3 Rde8 35. R3d2 b6 36. g3 g5 37. h4 gxh4 38. gxh4 Rh6 39. h5 Ree6 40. Rg1 Re7
1/2-1/2

[Event "V Festival Costa Viola B"]
[Site "Palmi ITA"]
[Date "2012.01.04"]
[Round "5"]
[White "Altomonte, Giuseppe"]
[Black "Tricomi, Massimo"]
[Result "1-0"]
[WhiteElo "1800"]
[BlackElo "1839"]
[PlyCount "67"]
[EventDate "2012.01.02"]

1. d4 Nf6 2. c4 e6 3. Nc3 Bb4 4. a3 Bxc3+ 5. bxc3 b6 6. Bg5 Ba6 7. e4 Qc8 8.
Bxf6 gxf6 9. Qf3 Qb7 10. d5 Ke7 11. Rd1 d6 12. Nh3 Nd7 13. Qe3 Ne5 14. Qd4 c5
15. Qd2 Nxc4 16. Qa2 Ne5 17. Be2 Bxe2 18. Qxe2 c4 19. O-O Nd3 20. f4 Rag8 21.
Rf3 Qc7 22. Kh1 Qc5 23. Nf2 Nxf2+ 24. Rxf2 Qxa3 25. e5 f5 26. exd6+ Qxd6 27.
dxe6 Qxe6 28. Qh5 Kf8 29. Re2 Qg6 30. Qh4 h5 31. Qe7+ Kg7 32. Rd6 Qg4 33. Qf6+
Kh7 34. Qh6# 1-0

[Event "V Festival Costa Viola B"]
[Site "Palmi ITA"]
[Date "2012.01.04"]
[Round "5"]
[White "Alvaro, Francesco"]
[Black "Vazzana, Antonio"]
[Result "0-1"]
[WhiteElo "1734"]
[BlackElo "1593"]
[PlyCount "136"]
[EventDate "2012.01.02"]

1. e4 c5 2. c3 Nf6 3. e5 Nd5 4. d4 cxd4 5. cxd4 e6 6. Bd2 Be7 7. Nf3 O-O 8. Bd3
Nc6 9. Nc3 Nxc3 10. Bxc3 d6 11. O-O dxe5 12. dxe5 Qb6 13. Qc2 g6 14. Rfd1 Nb4
15. Bxb4 Qxb4 16. Rac1 Qa5 17. h3 Rd8 18. Qc7 Qxc7 19. Rxc7 Rd7 20. Rxd7 Bxd7
21. Bxg6 Bc6 22. Bh5 Kg7 23. Nd4 Bd5 24. Nf5+ Kf8 25. Nxe7 Kxe7 26. Rc1 Rg8 27.
g3 Rg5 28. g4 Rxe5 29. Rc7+ Kd8 30. Rxf7 Re2 31. Rxh7 Rxb2 32. g5 Rb1+ 33. Kh2
Rh1+ 34. Kg3 Rg1+ 35. Kf4 Rg2 36. g6 Rxf2+ 37. Ke5 Bxa2 38. g7 Rf5+ 39. Kd4 e5+
40. Ke3 Rg5 41. Bg4 Bg8 42. Rh5 Rxg7 43. Rxe5 Re7 44. Rxe7 Kxe7 45. Kd4 Kd6 46.
Bc8 Kc7 47. Bg4 a5 48. Kc3 b5 49. Be2 Kb6 50. h4 b4+ 51. Kb2 a4 52. h5 a3+ 53.
Kb1 Bh7+ 54. Ka2 Kc5 55. h6 Bg8+ 56. Ka1 Kd4 57. Bh5 Bh7 58. Bf7 Kc3 59. Ka2
Kc2 60. Bb3+ Kc1 61. Be6 Bb1+ 62. Ka1 Bd3 63. Bg8 Kc2 64. Ka2 Kc3 65. Ka1 b3
66. h7 b2+ 67. Ka2 b1=Q+ 68. Kxa3 Bxh7 0-1

[Event "V Festival Costa Viola B"]
[Site "Palmi ITA"]
[Date "2012.01.04"]
[Round "5"]
[White "Arcidiaco, Francesco"]
[Black "Palermiti, Francesco"]
[Result "1-0"]
[WhiteElo "1668"]
[BlackElo "1540"]
[PlyCount "97"]
[EventDate "2012.01.02"]

1. e4 c5 2. Nf3 e6 3. d4 cxd4 4. Nxd4 Nf6 5. Nc3 d6 6. Be2 Be7 7. O-O a6 8. Be3
b5 9. a3 Bb7 10. f3 O-O 11. Rc1 Nbd7 12. Bd3 Qc7 13. f4 Rfe8 14. f5 e5 15. Nb3
Nc5 16. Nd2 Bf8 17. Qf3 Rad8 18. Bg5 Be7 19. Bxf6 Bxf6 20. b4 Nd7 21. Nd5 Bxd5
22. exd5 Bg5 23. Rcd1 Nf6 24. Ne4 Nxe4 25. Qxe4 f6 26. Qg4 Qc3 27. Kh1 Qd4 28.
Be4 Qa7 29. h4 Bf4 30. g3 Be3 31. Qf3 Rc8 32. Rd3 Bh6 33. Rf2 Re7 34. Rg2 Rc4
35. c3 a5 36. Kh2 Bc1 37. Ra2 axb4 38. cxb4 Rec7 39. Rb3 Rc2+ 40. Rxc2 Rxc2+
41. Bxc2 Qd4 42. Rd3 Qc4 43. Bd1 e4 44. Qh5 Kf8 45. Rb3 Qf1 46. Qe2 Qxf5 47.
Rc3 Bh6 48. Bc2 e3 49. Bxf5 1-0

[Event "V Festival Costa Viola B"]
[Site "Palmi ITA"]
[Date "2012.01.04"]
[Round "5"]
[White "Attina', Rodolfo"]
[Black "Zampaglione, Francesco"]
[Result "1-0"]
[WhiteElo "1368"]
[BlackElo "1560"]
[PlyCount "107"]
[EventDate "2012.01.02"]

1. e4 d6 2. Nf3 e5 3. Bc4 Be7 4. O-O Nf6 5. Re1 O-O 6. d4 Nbd7 7. Nc3 c6 8. a3
a5 9. Bg5 Qc7 10. d5 h6 11. Bxf6 Nxf6 12. h3 b5 13. Be2 b4 14. Nb1 c5 15. Bc4
Ba6 16. Nbd2 Qb6 17. b3 Nh7 18. a4 Ng5 19. Bxa6 Nxf3+ 20. Qxf3 Qxa6 21. Nc4 Bd8
22. Qh5 Bc7 23. Re3 Kh7 24. h4 Qc8 25. Qe2 f5 26. exf5 Qxf5 27. Rf3 Qg4 28. Ne3
Qxh4 29. Nf5 Qg4 30. Ng3 Rxf3 31. gxf3 Qf4 32. Kg2 Rf8 33. Rh1 g6 34. Qe4 h5
35. Rxh5+ Kg7 36. Rh4 Qxe4 37. Rxe4 Kf6 38. Ne2 Kg5 39. Rg4+ Kh6 40. Ng3 Rf4
41. Ne4 Rxg4+ 42. fxg4 Kg7 43. Kg3 Kf7 44. g5 Ke7 45. Kf3 Bb6 46. Ke2 Bc7 47.
Kd3 Kd7 48. Kc4 Bb6 49. Kb5 Bd8 50. f3 Bc7 51. Nf6+ Ke7 52. Kc6 Bd8 53. Ne4 Kf8
54. Kxd6 1-0

[Event "V Festival Costa Viola B"]
[Site "Palmi ITA"]
[Date "2012.01.04"]
[Round "5"]
[White "Bellantoni, Corrado"]
[Black "Serratore, Vincenzo"]
[Result "1/2-1/2"]
[WhiteElo "1524"]
[BlackElo "1844"]
[PlyCount "48"]
[EventDate "2012.01.02"]

1. Nf3 d5 2. d3 g6 3. g3 Bg7 4. Bg2 Bg4 5. h3 Bd7 6. d4 Nc6 7. c3 Nf6 8. O-O
Qc8 9. Kh2 h5 10. Ne5 Be6 11. Nxc6 bxc6 12. Qa4 Qd7 13. Rh1 O-O 14. Nd2 Rfb8
15. e4 Rb6 16. e5 Ne8 17. Nb3 Qc8 18. Nc5 Bf5 19. Qd1 f6 20. f4 Rab8 21. Re1
Ra8 22. e6 Bh6 23. g4 hxg4 24. hxg4 Bxe6 1/2-1/2

[Event "V Festival Costa Viola B"]
[Site "Palmi ITA"]
[Date "2012.01.04"]
[Round "5"]
[White "Brogneri, Giovanni"]
[Black "Rametta, Marcello"]
[Result "1/2-1/2"]
[WhiteElo "1797"]
[BlackElo "1744"]
[PlyCount "80"]
[EventDate "2012.01.02"]

1. c4 g6 2. Nc3 Bg7 3. g3 c6 4. e4 d6 5. Bg2 Nf6 6. Nge2 Na6 7. d4 O-O 8. O-O
Rb8 9. a3 Nc7 10. h3 Bd7 11. Be3 a6 12. Qd2 b5 13. cxb5 axb5 14. Bh6 Qc8 15.
Bxg7 Kxg7 16. Kh2 b4 17. Nd1 bxa3 18. bxa3 Rb5 19. Ne3 Rh5 20. Nf4 Rh6 21. e5
Ng4+ 22. Nxg4 Bxg4 23. f3 Bd7 24. g4 Ne6 25. Kg3 Qc7 26. Nxe6+ Bxe6 27. f4 dxe5
28. dxe5 Rd8 29. Qc3 c5 30. Rfd1 Rb8 31. Rab1 c4 32. Rxb8 Qxb8 33. Bd5 g5 34.
fxg5 Rg6 35. h4 Bxd5 36. Rxd5 Rc6 37. a4 e6 38. Rb5 Qa7 39. Rb4 Qa5 40. h5 Qd5
1/2-1/2